Normal view
MARC view
- Wagner Richard
Entry Personal Name
001 - CONTROL NUMBER
- control field: 5788
003 - CONTROL NUMBER IDENTIFIER
- control field: IT-RoPau
005 - DATE AND TIME OF LATEST TRANSACTION
- control field: 20131217154038.0
008 - FIXED-LENGTH DATA ELEMENTS
- fixed length control field: 131217|| aca||aabn | a|a d
040 ## - CATALOGING SOURCE
- Original cataloging agency: IT-RoPau
- Transcribing agency: IT-RoPau
100 ## - HEADING--PERSONAL NAME
- Personal name: Wagner Richard
- Dates associated with a name: Codice autore musica SPICS: 563
- Relator term: Autore musica
- Name of part/section of a work: Cavalcata delle valkirie dalla Valkiria
670 ## - SOURCE DATA FOUND
- Source citation: Work cat.: (IT-RoPau)99605: AA.VV. 794, Pagine celebri di Bach, Beethoven, Chopin, Tchaikovsky, Rachmaninoff, Mozart, Rimsky Korsakov, Grieg, Strauss, Wagner (Lp 61965)